Quartieri, rioni e frazioni di Messina con mappa - Statistics

Statistiche generali
  • Questo quiz è stato fatto 47 volte
  • Il punteggio medio è 59 su 174
Risposte nella Mappa
Le risposte nella mappa del quiz sottostante sono codificate secondo una scala di colori dal rosso al verde in base alla % di persone che hanno risposto correttamente.
 
Statistiche sulle risposte
Risposta % Corretto
San Filippo
87%
Ganzirri
83%
Santo
83%
Tremestieri
83%
Gazzi
78%
Giostra
78%
Rodia
78%
Santo Saba
78%
Altolia
74%
Boccetta
74%
Bordonaro
74%
Centro Storico
74%
Contesse
74%
San Ranieri
74%
Zafferia
74%
Camaro Superiore
70%
Larderia
70%
Pace
70%
Salice
70%
San Filippo Superiore
70%
Santa Margherita
70%
Villaggio Aldisio
70%
Fondo Fucile
65%
Mili Marina
65%
Paradiso
65%
Pezzolo
65%
Pistunina
65%
Santa Lucia sopra Contesse
65%
Tipoldo
65%
Torre Faro
65%
Annunziata
61%
Contemplazione
61%
Giampilieri Marina
61%
Giampilieri Superiore
61%
Mili San Marco
61%
Rione Taormina
61%
Santa Margherita Marina
61%
Briga Marina
57%
Galati Marina
57%
Mangialupi
57%
Orto Liuzzo
57%
Provinciale
57%
Quattro Strade
57%
Santo Stefano Medio
57%
Dinnammare
52%
Faro Superiore
52%
Gesso
52%
Gran Camposanto
52%
Maregrosso
52%
Mili San Pietro
52%
Minissale
52%
Molino
52%
Mortelle
52%
San Filippo Inferiore
52%
Santo Stefano di Briga
52%
Villaggio UNRRA
52%
Bordonaro Case Gialle
48%
Bordonaro Superiore
48%
Camaro San Luigi
48%
Castanea delle Furie
48%
Ponte Schiavo
48%
Acqualadroni
43%
Cumia Inferiore
43%
Cumia Superiore
43%
Curcurraci
43%
Fiera
43%
Galati Sant’Anna
43%
Policlinico
43%
Sant’Agata
43%
Santo Stefano Marina
43%
Villaggio CEP
43%
Bordonaro Sivirga
39%
Briga Superiore
39%
Camaro San Paolo
39%
Galati Santa Lucia
39%
Massa San Giorgio
39%
Massa Santa Lucia
39%
Moleti
39%
Ponte Gallo
39%
Quartiere Americano
39%
Quartiere Lombardo
39%
ZIR
39%
Bisconte
35%
Gravitelli
35%
Marmora
35%
Massa San Giovanni
35%
Massa San Nicola
35%
Rione Gescal
35%
San Licandro
35%
Spartà
35%
Caserma Zuccarello
30%
Fondo Pugliatti
30%
Sperone
30%
Montepiselli
26%
Principe
26%
Rione Ferrovieri
26%
San Giovannello
26%
Trapani
26%
Campo Italia
22%
Casa Bianca
22%
Catarratti
22%
Piano Mosella
22%
Ringo
22%
San Michele
22%
Cristo Re
17%
Don Blasco
17%
Fondo Galletta
17%
Granatari
17%
Margi
17%
Palmara
17%
Rione Gonzaga
17%
Ritiro
17%
Stazione
17%
Timpazzi
17%
Valle degli Angeli
17%
Zaera
17%
Fiumara Guardia
13%
Montesanto
13%
Ogliastri
13%
Piano Torre
13%
Portella di Castanea
13%
Scala
13%
Serri
13%
Tirone
13%
Tono
13%
Torre Vittoria
13%
Tre Monti
13%
Annunziata Alta
9%
Borgo Musolino
9%
Borgo San Leone
9%
Calamona
9%
Carrubbara
9%
Casazza
9%
Fondo Basicò
9%
Fondo Sterio
9%
Infantino
9%
Miano
9%
Montalto
9%
Piano Rocca
9%
Rione Cannamele
9%
San Jachiddu
9%
Scoppo
9%
Tarantonio
9%
Vallone
9%
Arcipeschieri
4%
Badiazza
4%
Borgo Portalegni
4%
Brasile
4%
Calorenni
4%
Corridore
4%
Frontemare
4%
Giudeo
4%
Grancabella
4%
Locanda Colonna
4%
Mella
4%
Noviziato
4%
Policara
4%
San Corrado
4%
San Francesco
4%
Urni
4%
Bianco
0%
Borgo San Giacomo
0%
Campola
0%
Cartesiano
0%
Musarra
0%
Piano dei Comi
0%
Piano di Mastro Pagano
0%
Piano Forno
0%
Piano Rama
0%
Porto Salvo
0%
Puccino
0%
Santa Maria
0%
Sindaro
0%
Sitaloro
0%
Nessun quiz corrispondente trovato
Distribuzione punteggi
Percentuale di utenti per punteggio
Percentile per numero di risposta
I tuoi punteggi nel tempo
Non hai fatto questo quiz